01616nam a2200373 a 4500001001200000003000800012006001900020007001500039008004100054040002100095035002100116043001200137050002500149100002200174245019500196260006000391300002000451490004700471500002200518500002900540504004100569533015200610610003700762610005200799610003100851650004700882650003900929650005200968655002901020710003301049710001701082856012601099999001701225ebr10046565CaPaEBRm u cr cn|||||||||090731s2002 dcu sb 000 0 eng d aCaPaEBRcCaPaEBR a(OCoLC)568295904 an-us-nj14aGE155.N5bM36 2002eb1 aMank, Bradford C.10aSouth Camden Citizens in Action v. New Jersey Department of Environmental Protectionh[electronic resource] :bwill Section 1983 save Title VI disparate impact suits? /cby Bradford C. Mank. aWashington, D.C. :bEnvironmental Law Institute,c2002. ap. 10454-10479.0 aEnvironmental law reporter news & analysis a"32 ELR, 4-2002." aTwo columns to the page. aIncludes bibliographical references. aElectronic reproduction.bPalo Alto, Calif. :cebrary,d2009.nAvailable via World Wide Web.nAccess may be limited to ebrary affiliated libraries.20aSouth Camden Citizens in Action.10aNew Jersey.bDept. of Environmental Protection.20aSt. Lawrence Cement (Firm) 0aEnvironmental risk assessmentzNew Jersey. 0aEnvironmental permitszNew Jersey. 0aMinoritiesxHealth risk assessmentzNew Jersey. 7aElectronic books.2local2 aEnvironmental Law Institute.2 aebrary, Inc.40uhttp://site.ebrary.com/lib/rucke/Doc?id=10046565zAn electronic book accessible through the World Wide Web; click to view c74349d74349